Modulation of Nuclear Receptor Affinity for 3,5,3-triiodothyronine by Nucleotide in vitro

Bibliographic Details
Main Authors: Brtko, Július, 1948- (Author), Knopp, Ján, 1937- (Author)
Format: Article
Language:Slovak
English
PhysicalDescription:Obr. 2., lit. 23 zázn. v angl.
Subjects:

MARC

LEADER 00000nab a2200000 a 4500
001 vtls000239096
003 SK-MaSNL
005 20260304215448.0
008 250422c1985 xo 0 slo
015 |a SNBRB19rr/mm-uuuuu 
035 |a CL0249210 
035 |a (urnnbn)urn:nbn:sk:snk:ar-006ne7 
035 |a (uuid)4ba90eda-9548-4ef7-873c-5d20bd7e5d82 
035 |a urn:nbn:sk:snk-ab86nu 
040 |a SNKBUCL  |b slo  |c SNKBUCL  |e AACR2 
041 0 |a eng 
044 |a xo  |c SK 
080 |a 577.175.4  |2 1981 
100 1 |a Brtko, Július,  |d 1948-  |4 aut  |9 39646 
245 1 0 |a Modulation of Nuclear Receptor Affinity for 3,5,3-triiodothyronine by Nucleotide in vitro  |c J. Brtko, J. Knopp 
300 |b Obr. 2., lit. 23 zázn. v angl. 
650 0 7 |a hormóny thyreoidálne  |2 snkbucl  |9 1332610 
650 0 7 |a jadrové receptory  |2 snkbucl  |9 193037 
655 7 |a články z novín a časopisov  |2 snkbucl  |9 267496 
700 1 |a Knopp, Ján,  |d 1937-  |4 aut  |9 39833 
773 0 |t Endocrinologia experimentalis  |g Roč. 19, č. 4 (1985), s. 245-251 
850 |a Slovenská národná knižnica 
852 |a Slovenská národná knižnica 
958 |a article9 
958 |a RK 
958 |a ME 
958 |a OND 
958 |a EUIPO 
992 |a RBX 
999 |c 3146267  |d 3148197